LEADER 00870cam2 22002653 450 001 SOB006727 005 20230623103316.0 100 $a20040211d2001 |||||ita|0103 ba 101 $aita 102 $aIT 200 0 $a1$fFrancesco Capriglione 205 $a2. ed 210 $aPadova$cCedam$d2001 215 $aXIX, 746 p.$d24 cm 461 1$1001SOBE00076318$12000 $aCommentario al testo unico delle leggi in materia bancaria e creditizia / Francesco Capriglione 700 1$aCapriglione$b, Francesco$3AF00006800$4070$0108716 801 0$aIT$bUNISOB$c20230623$gRICA 850 $aUNISOB 852 $aUNISOB$j340$m107130 912 $aSOB006727 940 $aM 102 Monografia moderna SBN 941 $aW 957 $a340$b003316$i-1$gSI$d107130$rACQUISTO$1carrano$2UNISOB$3UNISOB$420130312111811.0$520130312111908.0$6carrano 996 $a1$93384260 997 $aUNISOB LEADER 01605nam2 22003733i 450 001 ANA0139776 005 20231121125404.0 100 $a20151103d1947 ||||0itac50 ba 101 | $alat$aita 102 $ait 181 1$6z01$ai $bxxxe 182 1$6z01$an 200 1 $aLibro 11.$fVirgilio$gcon commento di Remigio Sabbadini 210 $aTorino$cChiantore$d1947 215 $aIV, 47 p.$d21 cm 461 1$1001ANA0139758$12001 $aEneide$fVirgilio$gcon commento di Remigio Sabbadini$v11 606 $aVirgilio Marone, Publio . Aeneis. 11.$xCommenti$2FIR$3RMLC429849$9E 700 1$aVergilius Maro$b, Publius$3CFIV008978$4070$07260 702 1$aSabbadini$b, Remigio$3RAVV022991 790 1$aVirgilio Marone$b, Publio$3CFIV008979$zVergilius Maro, Publius 790 0$aVirgilio$c <70-19 a.C.>$3CFIV008980$zVergilius Maro, Publius 790 0$aVirgilius$c <70-19 a.C.>$3RAVV097791$zVergilius Maro, Publius 790 1$aVirgilio$b, Publio Marone$3SBNV028729$zVergilius Maro, Publius 790 0$aVergilius$c <70-19 a.C.>$3SBNV036222$zVergilius Maro, Publius 790 1$aVirgilius Maro$b, Publius$3SBNV036239$zVergilius Maro, Publius 790 1$aSabbadini$b, R.$f <1850-1934>$3RT1V038183$zSabbadini, Remigio 801 3$aIT$bIT-01$c20151103 850 $aIT-FR0017 899 $aBiblioteca umanistica Giorgio Aprea$bFR0017 $eN 912 $aANA0139776 950 2$aBiblioteca umanistica Giorgio Aprea$d 52DFV A 272$e 52BUN0000106605 VMC RS $fC $h20151103$i20151103 977 $a 52 996 $aLibro 11$93602805 997 $aUNICAS